[Event "C.to Europeo U14"]
[Site "Albena BUL"]
[Date "2011.09.11"]
[Round "1"]
[White "Codenotti, Marco"]
[Black "Todorovic, Nenad I."]
[Result "1-0"]
[WhiteElo "2323"]
[BlackElo "1927"]
[PlyCount "75"]
[EventDate "2011.09.11"]

1. e4 c5 2. Nf3 d6 3. d4 cxd4 4. Nxd4 Nf6 5. Nc3 a6 6. Be3 e5 7. Nf3 Qc7 8. Bg5
Nbd7 9. a4 b6 10. Nd2 Bb7 11. Bc4 Be7 12. O-O O-O 13. Qe2 Rfd8 14. Rfd1 h6 15.
Bh4 Qc5 16. Nb3 Qc7 17. Nd2 Qc5 18. Nf1 Qb4 19. f3 Rac8 20. Ne3 g6 21. Bd5 Qxb2
22. Bxb7 Rxc3 23. Rdb1 Rxe3 24. Qxe3 Qxc2 25. Rc1 Qb2 26. Qxh6 Nc5 27. Bxf6
Bxf6 28. Bd5 Bg7 29. Qxg6 Rd7 30. Rd1 Nd3 31. Qg3 Rc7 32. h4 Rc2 33. Ra2 Qd4+
34. Kh2 Rxa2 35. Bxa2 Qe3 36. Qg5 Nf4 37. Rxd6 Qf2 38. Bxf7+ 1-0

[Event "C.to Europeo U14"]
[Site "Albena BUL"]
[Date "2011.09.11"]
[Round "1"]
[White "Vesce, Emanuele"]
[Black "Reshef, Omer"]
[Result "0-1"]
[WhiteElo "1869"]
[BlackElo "2169"]
[PlyCount "99"]
[EventDate "2011.09.11"]

1. e4 e5 2. Nf3 Nc6 3. d4 exd4 4. Bc4 Bc5 5. O-O Nf6 6. e5 d5 7. exf6 dxc4 8.
Re1+ Be6 9. fxg7 Rg8 10. Ng5 Qd5 11. Nc3 Qf5 12. Nce4 O-O-O 13. Nxc5 Qxc5 14.
Rxe6 fxe6 15. Nxe6 Qd5 16. Nxd8 Rxg7 17. f3 Qxd8 18. Qe2 d3 19. Qe6+ Kb8 20.
cxd3 cxd3 21. Be3 Re7 22. Qh6 Qe8 23. Kf2 Nb4 24. Rd1 b6 25. a3 Re6 26. Qxh7
Nd5 27. Bg5 Re2+ 28. Kg3 Qe5+ 29. f4 Qe3+ 30. Kh4 Nxf4 31. Qg8+ Kb7 32. Bxf4
Qxf4+ 33. Qg4 Qxh2+ 34. Qh3 Qf4+ 35. Qg4 Qh2+ 36. Qh3 Rxg2 37. Qxh2 Rxh2+ 38.
Kg3 Rxb2 39. Rxd3 Re2 40. Kf3 Re7 41. Kf4 b5 42. Kf5 Kb6 43. Kf6 Re1 44. Rd8
Re3 45. Rb8+ Kc6 46. a4 bxa4 47. Ra8 a3 48. Rxa7 Kb6 49. Ra4 Kb5 50. Ra8 0-1

[Event "C.to Europeo U14"]
[Site "Albena BUL"]
[Date "2011.09.12"]
[Round "2"]
[White "Antipov, Mikhail Al."]
[Black "Basso, Pier Luigi"]
[Result "1-0"]
[WhiteElo "2412"]
[BlackElo "2051"]
[PlyCount "75"]
[EventDate "2011.09.11"]

1. e4 e6 2. d4 d5 3. Nc3 Bb4 4. e5 c5 5. a3 Bxc3+ 6. bxc3 Ne7 7. Nf3 b6 8. Bb5+
Bd7 9. Bd3 Ba4 10. h4 c4 11. Bf1 h6 12. h5 Kd7 13. g3 Qg8 14. Bh3 Qh7 15. Ra2
Na6 16. Kf1 Nc7 17. Kg2 Rhb8 18. Nh2 b5 19. Ng4 Kd8 20. Ne3 a5 21. Bd2 Nc6 22.
f3 b4 23. cxb4 axb4 24. Bxb4 Nxb4 25. axb4 Rxb4 26. Qa1 Bc6 27. Rxa8+ Bxa8 28.
Qa3 Rb6 29. Qf8+ Kd7 30. Qxf7+ Kc8 31. Ra1 Kb8 32. Qf8+ Kb7 33. Ra2 g6 34. hxg6
Qxg6 35. Nxd5 Qg5 36. Nxb6 Qd2+ 37. Kh1 Kxb6 38. Qc5+ 1-0

[Event "C.to Europeo U14"]
[Site "Albena BUL"]
[Date "2011.09.12"]
[Round "2"]
[White "Hovhannisyan, Karen"]
[Black "Codenotti, Marco"]
[Result "0-1"]
[WhiteElo "2050"]
[BlackElo "2323"]
[PlyCount "102"]
[EventDate "2011.09.11"]

1. e4 c5 2. Nf3 d6 3. d4 cxd4 4. Nxd4 Nf6 5. Nc3 a6 6. Be2 e5 7. Nb3 Be7 8. O-O
O-O 9. Be3 Be6 10. f4 exf4 11. Bxf4 Nc6 12. Bf3 Ne5 13. Nd5 Bxd5 14. exd5 Nfd7
15. Be4 g6 16. c3 Re8 17. g3 Bf6 18. Qc2 Rc8 19. Rae1 Bg7 20. Re2 Nc5 21. Nxc5
Rxc5 22. Rfe1 b5 23. Be3 Rc4 24. Bd4 Qg5 25. Kh1 Qh5 26. Bxe5 Bxe5 27. Qd3 f5
28. Bf3 Qg5 29. Qd2 Qf6 30. Rf2 Kg7 31. Bd1 b4 32. Qd3 Rc7 33. Rff1 bxc3 34.
bxc3 Ra8 35. c4 Rac8 36. Bb3 h5 37. Qf3 a5 38. Rc1 Qg5 39. Qe2 Re7 40. Qf2 Qg4
41. Qf3 Qd4 42. Qf2 Qd3 43. Qc2 Qd4 44. Qf2 Qg4 45. Qf3 Qg5 46. Rfd1 h4 47. c5
hxg3 48. hxg3 Bxg3 49. cxd6 Rh8+ 50. Kg1 Be1+ 51. Kf1 Rh1+ 0-1

[Event "C.to Europeo U14"]
[Site "Albena BUL"]
[Date "2011.09.13"]
[Round "3"]
[White "Codenotti, Marco"]
[Black "Naoum, Spyridon"]
[Result "1/2-1/2"]
[WhiteElo "2323"]
[BlackElo "2098"]
[PlyCount "75"]
[EventDate "2011.09.11"]

1. e4 c5 2. Nf3 e6 3. d4 cxd4 4. Nxd4 a6 5. c4 Nf6 6. Nc3 Qc7 7. a3 b6 8. Be3
Bb7 9. f3 d6 10. Be2 Nbd7 11. O-O Be7 12. a4 O-O 13. a5 Rfe8 14. axb6 Nxb6 15.
Rc1 Rac8 16. b4 Qb8 17. Qb3 Bd8 18. c5 dxc5 19. bxc5 Rxc5 20. Nxe6 Rxc3 21.
Rxc3 Rxe6 22. Rb1 Nfd7 23. Bc4 Nxc4 24. Qxb7 Qxb7 25. Rxb7 Nde5 26. f4 Nxe3 27.
fxe5 Kf8 28. Rc8 Re8 29. Rbb8 Ke7 30. h3 Kd7 31. g3 a5 32. Kf2 Ng4+ 33. hxg4
Bb6+ 34. Rxb6 Rxc8 35. Ra6 Rc5 36. Ke3 Rxe5 37. Kf4 Rc5 38. Ra7+ 1/2-1/2

[Event "C.to Europeo U14"]
[Site "Albena BUL"]
[Date "2011.09.14"]
[Round "4"]
[White "Lamard, Guillaume"]
[Black "Codenotti, Marco"]
[Result "1/2-1/2"]
[WhiteElo "2161"]
[BlackElo "2323"]
[PlyCount "58"]
[EventDate "2011.09.11"]

1. Nf3 g6 2. e4 c5 3. d4 cxd4 4. Nxd4 Nc6 5. c4 Bg7 6. Nc2 Nf6 7. Nc3 d6 8. Be2
Nd7 9. Bd2 O-O 10. O-O Nc5 11. b4 Bxc3 12. Bxc3 Nxe4 13. Bb2 e5 14. Bf3 Ng5 15.
Bxc6 bxc6 16. c5 dxc5 17. Qe2 f6 18. f4 exf4 19. Rxf4 cxb4 20. Raf1 Bf5 21. Nd4
Qb6 22. Kh1 Rae8 23. Qc4+ Be6 24. Nxe6 Nxe6 25. Rxf6 Rxf6 26. Rxf6 Qc5 27. Qd3
Nd4 28. Rxg6+ hxg6 29. Qxg6+ Kf8 1/2-1/2

[Event "C.to Europeo U14"]
[Site "Albena BUL"]
[Date "2011.09.15"]
[Round "5"]
[White "Duda, Jan-Krzysztof"]
[Black "Codenotti, Marco"]
[Result "1-0"]
[WhiteElo "2368"]
[BlackElo "2323"]
[PlyCount "119"]
[EventDate "2011.09.11"]

1. e4 c5 2. Nf3 d6 3. d4 cxd4 4. Nxd4 Nf6 5. Nc3 a6 6. Be2 e5 7. Nb3 Be7 8. O-O
O-O 9. a4 Nc6 10. Be3 Be6 11. Qd2 Nb4 12. Rfd1 Rc8 13. Bf3 Qc7 14. a5 Nd7 15.
Ra4 Nc6 16. Nd5 Bxd5 17. Qxd5 b5 18. axb6 Nxb6 19. Bxb6 Qxb6 20. c3 Bh4 21. g3
Ne7 22. Qxd6 Qxb3 23. Rb4 Qe6 24. gxh4 Qh3 25. Bg2 Qg4 26. f3 Qxh4 27. Rb7 Ng6
28. Rd7 Qg5 29. Qxa6 Nf4 30. Qf1 Rb8 31. R7d2 Rb6 32. Kh1 Rh6 33. Qf2 Rg6 34.
Rg1 Rf6 35. Bh3 Qh6 36. Bd7 Ng6 37. Rdd1 Nh4 38. Bg4 Rf4 39. Rg3 f5 40. Bxf5
Nxf5 41. exf5 R4xf5 42. Qe2 Qf6 43. Kg2 Qc6 44. Rd2 Kh8 45. Qe3 h5 46. Qe4 Qh6
47. Rd8 Rxd8 48. Qxf5 Qf4 49. Qxh5+ Kg8 50. Qg5 Rd2+ 51. Kh3 Qxg5 52. Rxg5 Re2
53. Kg3 Kf7 54. b4 Re3 55. Kf2 Rxc3 56. Rxe5 Rb3 57. Rb5 Ke6 58. Rb7 Kd6 59. b5
Ke5 60. Rxg7 1-0

[Event "C.to Europeo U14"]
[Site "Albena BUL"]
[Date "2011.09.17"]
[Round "6"]
[White "Codenotti, Marco"]
[Black "Beerdsen, Thomas"]
[Result "1-0"]
[WhiteElo "2323"]
[BlackElo "2019"]
[PlyCount "131"]
[EventDate "2011.09.11"]

1. e4 c5 2. Nf3 d6 3. d4 cxd4 4. Nxd4 Nf6 5. Nc3 a6 6. Be3 Ng4 7. Bc1 Nf6 8.
Be3 Ng4 9. Bg5 h6 10. Bh4 g5 11. Bg3 Bg7 12. Qd2 Nc6 13. Nb3 b5 14. h4 b4 15.
Na4 Bd7 16. hxg5 Na7 17. gxh6 Rxh6 18. Rxh6 Nxh6 19. e5 Bxa4 20. Qxb4 Bd7 21.
O-O-O Nf5 22. Qe4 Kf8 23. exd6 exd6 24. Qf3 Rc8 25. Bxa6 Rc6 26. Bd3 Nxg3 27.
Qxg3 Qf6 28. c3 Nc8 29. Kb1 Be6 30. Nd4 Rb6 31. Re1 Kg8 32. Qe3 Qe5 33. Qd2 Qa5
34. Nb3 Qa4 35. Bc2 Ra6 36. Qg5 Qxa2+ 37. Kc1 Ra8 38. Qd8+ Bf8 39. Rh1 Ne7 40.
Qxd6 Bxb3 41. Bh7+ Kg7 42. Qh6+ Kh8 43. Qg5 Bg7 44. Bb1+ Kg8 45. Bxa2 Rxa2 46.
Kb1 Ng6 47. f4 Ra6 48. Re1 Bc4 49. Qd8+ Nf8 50. g4 Rg6 51. g5 f6 52. Qd4 Bf7
53. gxf6 Rxf6 54. Rg1 Bg6+ 55. Kc1 Ne6 56. Qc4 Bf7 57. Qc8+ Kh7 58. b4 Nxf4 59.
Rh1+ Bh6 60. b5 Nd5+ 61. Rxh6+ Kxh6 62. c4 Nb6 63. Qh3+ Kg7 64. c5 Nd5 65. c6
Be8 66. Qg2+ 1-0

[Event "C.to Europeo U14"]
[Site "Albena BUL"]
[Date "2011.09.17"]
[Round "6"]
[White "Basso, Pier Luigi"]
[Black "Todorovic, Nenad I."]
[Result "0-1"]
[WhiteElo "2051"]
[BlackElo "1927"]
[PlyCount "72"]
[EventDate "2011.09.11"]

1. e4 c5 2. Nf3 d6 3. d4 cxd4 4. Nxd4 Nf6 5. Nc3 a6 6. Bg5 Nbd7 7. f4 Qc7 8.
Qf3 h6 9. Bh4 g5 10. fxg5 hxg5 11. Bg3 Ne5 12. Bxe5 dxe5 13. Nf5 g4 14. Qf2
Bxf5 15. Qxf5 Bh6 16. Be2 Rg8 17. Rd1 Qa5 18. Rf1 Be3 19. Rd5 Nxd5 20. Qxf7+
Kd7 21. exd5 Bc5 22. Bxg4+ Kc7 23. Qe6 Raf8 24. Rxf8 Rxf8 25. Qxe5+ Bd6 26. Qg7
Rf4 27. Qg8 Qb4 28. Qc8+ Kb6 29. Bf3 Qxb2 30. Ne2 Qb4+ 31. c3 Qb1+ 32. Kf2 Bc5+
33. Kg3 Rf6 34. Nd4 Qe1+ 35. Kg4 Qe5 36. h4 Rg6+ 0-1

[Event "C.to Europeo U14"]
[Site "Albena BUL"]
[Date "2011.09.18"]
[Round "7"]
[White "Popov, Andrey"]
[Black "Codenotti, Marco"]
[Result "0-1"]
[WhiteElo "2062"]
[BlackElo "2323"]
[PlyCount "66"]
[EventDate "2011.09.11"]

1. e4 c5 2. Nf3 d6 3. d4 cxd4 4. Nxd4 Nf6 5. Nc3 a6 6. Be3 e5 7. Nb3 Be6 8. Qd2
Nbd7 9. f3 h5 10. O-O-O Be7 11. h3 Qc7 12. Kb1 b5 13. Bd3 b4 14. Ne2 d5 15.
exd5 Nxd5 16. Bg5 N7f6 17. Ng3 a5 18. Ne4 a4 19. Bb5+ Kf8 20. Nxf6 gxf6 21.
Bh6+ Kg8 22. Nc1 Nc3+ 23. bxc3 bxc3 24. Qe3 Rb8 25. g4 Rxb5+ 26. Ka1 Qb8 27.
Ne2 Ba3 28. Rd8+ Qxd8 29. gxh5 Rh7 30. Rg1+ Kh8 31. h4 Bc5 32. Nd4 exd4 33. Qd3
Rxh6 0-1

[Event "C.to Europeo U14"]
[Site "Albena BUL"]
[Date "2011.09.18"]
[Round "7"]
[White "Djuricic, Domen"]
[Black "Basso, Pier Luigi"]
[Result "1-0"]
[WhiteElo "1845"]
[BlackElo "2051"]
[PlyCount "53"]
[EventDate "2011.09.11"]

1. d4 Nf6 2. Nf3 e6 3. Bg5 d5 4. e3 Be7 5. Nbd2 Nbd7 6. Bd3 b6 7. c3 Bb7 8. O-O
Ne4 9. Bxe7 Qxe7 10. Qc2 f5 11. c4 Rc8 12. Rac1 O-O 13. Nb3 c5 14. dxc5 Ndxc5
15. Nxc5 Nxc5 16. Nd2 Nxd3 17. Qxd3 dxc4 18. Nxc4 Rfd8 19. Qa3 Qg5 20. f3 b5
21. Qxa7 bxc4 22. Qxb7 Rb8 23. Qc6 Rxb2 24. f4 Qg6 25. Rcd1 Rd5 26. g3 Qh6 27.
Qe8# 1-0